| 000 | 00790nam a2200253 i 4500 | ||
|---|---|---|---|
| 001 | 5425 | ||
| 003 | ES-MaACL | ||
| 005 | 20250806062356.0 | ||
| 007 | t| | ||
| 008 | 880615s1970 sp a |||| | spa d | ||
| 080 | _a615.849 | ||
| 080 | _a616-085.849 | ||
| 100 | 1 |
_aOrtiz Berrocal, J. _987580 |
|
| 245 | 1 | 0 |
_aAlgunas aplicaciones clinicas de los radioisotopos / _cJ.Ortiz Berrocal; colaboradores, F.Arnaiz Bueno [et al.]. |
| 260 |
_aMadrid : _bProductos Roche, _c1970. |
||
| 300 |
_a223 p. : _bil. ; _c24 cm. |
||
| 490 | 1 |
_aMonografía Roche ; _v11 |
|
| 650 | 1 | 7 |
_aMedicina nuclear _2embne _914932 |
| 700 | 1 |
_aArnáiz Bueno, F. _923023 |
|
| 710 | 2 |
_aProductos Roche. _96261 |
|
| 830 | 0 |
_aMonografía Roche ; _v11 _9177259 |
|
| 852 |
_aES-MaACL _jL-12125 |
||
| 999 |
_c5425 _d5425 |
||